00858 2200313 4500001002100000005001700021008004100038020002200079035002400101040001200125041000800137082001700145084001700162090001900179090002000198100001600218245009100234250001100325260003000336300003100366440002300397650002300420700001900443700001600462850001200478990001800490990001800508990001800526INLIS00000000003153720171012110604.0  a978-602-242-831-2 0010-101700000000215 aYOPDYOG0 aind042[23]a028.55 a028.55 Iwo A aK 028.55 Iwo A aPK 028.55 Iwo A0 aIWOK ABQARY1 aAbu Bakar yang penyabarc/ Iwok Abqary; editor, Dadan Ramadhan; ilustrator, M. Isnaeni aCet. 1 aBandungbDar! Mizanc2016 a20 hlm.b: ilus.c; 18 cm. aSeri sahabat Rasul 4aBacaan kanak-kanak0 aDadan Ramadhan1 aIsnaeni, M. aYOPDYOG a28384-PD/B.17 a28385-PD/B.17 a28386-PD/B.17